| 000 | 00482ntaaa2200169 4500 | ||
|---|---|---|---|
| 003 | 01 | ||
| 005 | 20251027201206.0 | ||
| 008 | 0714s1973 ag 01 | ||
| 040 |
_aAR-BaBN _bspa _cAR-BaBN _eaacr _dRIC |
||
| 082 | _a220.53981 B47 | ||
| 100 |
_aBiblia. Danés. 1892 _99813 |
||
| 245 |
_aBibelen eller den Hellige Skrift / _cBiblia. Danés. 1892 |
||
| 250 | _a1 ed. | ||
| 260 |
_aCopenhagen : _bBritish and Foreign Bible Society, _c1892 |
||
| 300 |
_a716, 232 p. ; _c16,5 cm |
||
| 942 | _cBK | ||
| 999 |
_c6198 _d6198 |
||